000 00152nam a22000857a 4500
082 _a823
100 _aC-SCHIMID
245 _aTHE GREATFUL LION
942 _cBK
999 _c8501
_d8501